Nya bidrag till kannedomen om Härnögyttjan, (Record no. 28212)

MARC details
000 -LEADER
fixed length control field 01114cam a22002891 4500
001 - CONTROL NUMBER
control field gs 47000326
003 - CONTROL NUMBER IDENTIFIER
control field DLC
005 - DATE AND TIME OF LATEST TRANSACTION
control field 20260227111353.0
008 - FIXED-LENGTH DATA ELEMENTS--GENERAL INFORMATION
fixed length control field 891026s1946 sw ab b 000 0 swe c
010 ## - LIBRARY OF CONGRESS CONTROL NUMBER
LC control number gs 47000326
035 ## - SYSTEM CONTROL NUMBER
System control number (OCoLC)20553429
040 ## - CATALOGING SOURCE
Original cataloging agency U.S. Geol. Survey. Library
Transcribing agency CU
Modifying agency CU
-- DLC
042 ## - AUTHENTICATION CODE
Authentication code premarc
050 00 - LIBRARY OF CONGRESS CALL NUMBER
Classification number QE282
Item number .A3 ser. C, no. 481
082 ## - DEWEY DECIMAL CLASSIFICATION NUMBER
Classification number 554.85 s
100 1# - MAIN ENTRY--PERSONAL NAME
Personal name Munthe, Henrik,
Dates associated with a name 1860-1958.
245 00 - TITLE STATEMENT
Title Nya bidrag till kannedomen om Härnögyttjan,
Statement of responsibility, etc. av Henr. Munthe ...
260 ## - PUBLICATION, DISTRIBUTION, ETC.
Place of publication, distribution, etc. Stockholm,
Name of publisher, distributor, etc. Kungl. boktryckeriet, P.A. Norstedt & söner,
Date of publication, distribution, etc. 1946.
300 ## - PHYSICAL DESCRIPTION
Extent 16 p. incl. illus., tables.
Dimensions 24 cm.
490 1# - SERIES STATEMENT
Series statement Sweden. Geologiska undersökningen. Ser. C. Avhandlingar och uppsatser.
Volume/sequential designation n:o 481. Årsbok 40 (1946) n:o 5
500 ## - GENERAL NOTE
General note At head of title: Sveriges geologiske undersökning ...
504 ## - BIBLIOGRAPHY, ETC. NOTE
Bibliography, etc. note "Anförd litteratur": p. 16.
650 #0 - SUBJECT ADDED ENTRY--TOPICAL TERM
Topical term or geographic name entry element Paleontology
Chronological subdivision Quaternary.
650 #0 - SUBJECT ADDED ENTRY--TOPICAL TERM
Topical term or geographic name entry element Paleontology
Geographic subdivision Sweden
-- Norrland.
830 #0 - SERIES ADDED ENTRY--UNIFORM TITLE
Uniform title Ser. C--Avhandlingar och uppsatser ;
Volume/sequential designation n:o 481.
830 #0 - SERIES ADDED ENTRY--UNIFORM TITLE
Uniform title Årsbok (Sveriges geologiska undersökning) ;
Volume/sequential designation 40 : n:o 5.

No items available.

Powered by Koha